000 00702nam a2200241 a 4500
001 BRCA_4634
005 20190320204738.0
008 280910s1931----sp-a######---#000-0#spa-#
041 _aspa
044 _asp
050 4 _aNK2270
_b.A88 1931
100 1 _aAsúa, Miguel de
_911728
245 1 0 _aEl mueble en la historia
_cpor Miguel de Asúa.
260 _aMadrid
_bVoluntad
_c1931
300 _a336 p.
_bil.
_c28 cm.
500 _aIncluye algunas erratas y títulos de obras históricas de Don Miguel de Asúa
500 _aIncluye diez conferencias sobre el mueble
500 _aD44
504 _aBibliografía: p. 335
650 1 4 _aMuebles
_xHistoria
_94173
902 _aGFM
942 _2lcc
_cB
999 _c4337
_d4337